000 00348nam a2200169Ia 4500
100 _aBruegge/Bernd/ Dutoit/A.H
650 _aJava
250 _a2
942 _cBK
366 _f25
654 _aUML
245 _aObject oriented design using UML
260 _bPearson Education
_c2004
082 _bBRU
300 _a802
546 _aENGLISH
999 _c24202
_d24202